<?xml version="1.0" encoding="UTF-8"?>
<record
    xmlns:xsi="http://www.w3.org/2001/XMLSchema-instance"
    xsi:schemaLocation="http://www.loc.gov/MARC21/slim http://www.loc.gov/standards/marcxml/schema/MARC21slim.xsd"
    xmlns="http://www.loc.gov/MARC21/slim">

  <leader>04056ngm a22005417a 4500</leader>
  <controlfield tag="006">a|||||s|||||00| 0 </controlfield>
  <controlfield tag="008">110615s2007    mnu|||||s|||| 00| 0 eng d</controlfield>
  <datafield tag="020" ind1=" " ind2=" ">
    <subfield code="a">683904200310</subfield>
  </datafield>
  <datafield tag="082" ind1=" " ind2=" ">
    <subfield code="2">22</subfield>
    <subfield code="a">791.4375</subfield>
    <subfield code="b">HIT</subfield>
  </datafield>
  <datafield tag="245" ind1=" " ind2=" ">
    <subfield code="a">Alfred Hitchcock :</subfield>
    <subfield code="b">The Legend Begins :20 Movie Classics /</subfield>
    <subfield code="c">directed by Alfred Hitchcock.   </subfield>
  </datafield>
  <datafield tag="260" ind1=" " ind2=" ">
    <subfield code="a">Golden Valley, MN. :</subfield>
    <subfield code="b">Mill Creek Entertainment, 2007</subfield>
    <subfield code="c">2007</subfield>
  </datafield>
  <datafield tag="300" ind1=" " ind2=" ">
    <subfield code="a">4 videodiscs :</subfield>
    <subfield code="b">silent and sound, b&amp;w ;</subfield>
    <subfield code="c">4 3/4 in.</subfield>
  </datafield>
  <datafield tag="490" ind1=" " ind2=" ">
    <subfield code="9">25302</subfield>
    <subfield code="a">Legends Series</subfield>
  </datafield>
  <datafield tag="505" ind1=" " ind2=" ">
    <subfield code="t">The Chaney vase -- The sorcerer's apprentice --  Blackmail --  Champagne --  Easy virtue --  The farmer's wife --  Jamaica Inn --  Juno and the paycock --  The lady vanishes --  The lodger --  The man who knew too much --  The Manxman --  Number Seventeen --  Rich and strange --  The ring --  Sabotage --  Secret agent --  The skin game --  The thirty-nine steps --  Young and innocent </subfield>
  </datafield>
  <datafield tag="511" ind1=" " ind2=" ">
    <subfield code="a">Alfred Hitchcock presents The Chaney Vase: Darrin McGavin; The Sorcerer's Apprentice: Brandon De Wilde ; Blackmail: Anny Ondra ; Champagne: Betty Balfour ; Easy Virtue: Isabel Jeans ; The Farmer's Wife: Jameson Thomas ; Jamaica Inn: Charles Laughton ; Juno and the Paycock: Maire O'Neill ; The Lady Vanishes: Margaret Lockwood ; The Lodger: Ivor Novello ; The Man who knew too much: Peter Lorre ; The Manxman: Carl Brisson ; Number Seventeen: Leon M. Lion ; Rich and Strange: Henry Kendall ; The Ring: Carl Brisson ; Sabotage: Oskar Homolka; Secret Agent: John Gielgud ; The Skin Game: C.V. France; The thirty-nine steps: Robert Donat ; Young and Innocent : Derrick DeMarney   </subfield>
  </datafield>
  <datafield tag="520" ind1=" " ind2=" ">
    <subfield code="a">Eighteen of Alfred Hitchcock's early films (1926-1939), and two episodes of his television program (1955-1962).          Includes 55 minutes of movie trailers spanning Hitchcock's legendary career.   </subfield>
  </datafield>
  <datafield tag="538" ind1=" " ind2=" ">
    <subfield code="a">DVD   </subfield>
  </datafield>
  <datafield tag="653" ind1=" " ind2=" ">
    <subfield code="b">ENG</subfield>
    <subfield code="b">General</subfield>
    <subfield code="c">June2011</subfield>
  </datafield>
  <datafield tag="655" ind1=" " ind2=" ">
    <subfield code="a">Silent films</subfield>
    <subfield code="9">25720</subfield>
  </datafield>
  <datafield tag="655" ind1=" " ind2=" ">
    <subfield code="a">Thrillers (Motion pictures)   </subfield>
    <subfield code="9">25721</subfield>
  </datafield>
  <datafield tag="655" ind1=" " ind2=" ">
    <subfield code="a">Fiction films</subfield>
    <subfield code="9">25722</subfield>
  </datafield>
  <datafield tag="700" ind1=" " ind2=" ">
    <subfield code="9">25306</subfield>
    <subfield code="a">Hitchcock, Alfred</subfield>
    <subfield code="d">1899-1980   </subfield>
    <subfield code="e">drt</subfield>
  </datafield>
  <datafield tag="700" ind1=" " ind2=" ">
    <subfield code="9">25311</subfield>
    <subfield code="a">McGavin, Darren</subfield>
    <subfield code="d">1922-2006 </subfield>
    <subfield code="e">act</subfield>
  </datafield>
  <datafield tag="700" ind1=" " ind2=" ">
    <subfield code="9">25312</subfield>
    <subfield code="a">De Wilde, Brandon</subfield>
    <subfield code="d">1942-1972 </subfield>
    <subfield code="e">act</subfield>
  </datafield>
  <datafield tag="700" ind1=" " ind2=" ">
    <subfield code="9">25313</subfield>
    <subfield code="a">Ondra, Anny </subfield>
    <subfield code="e">act</subfield>
  </datafield>
  <datafield tag="700" ind1=" " ind2=" ">
    <subfield code="9">25314</subfield>
    <subfield code="a">Balfour, Betty</subfield>
    <subfield code="d">1903-1977   </subfield>
    <subfield code="e">act</subfield>
  </datafield>
  <datafield tag="700" ind1=" " ind2=" ">
    <subfield code="9">25315</subfield>
    <subfield code="a">Jeans, Isabel</subfield>
    <subfield code="d">1891-1985</subfield>
    <subfield code="e">act</subfield>
  </datafield>
  <datafield tag="700" ind1=" " ind2=" ">
    <subfield code="9">25316</subfield>
    <subfield code="a">Thomas, Jameson</subfield>
    <subfield code="d">1888-1939</subfield>
    <subfield code="e">act</subfield>
  </datafield>
  <datafield tag="700" ind1=" " ind2=" ">
    <subfield code="9">25018</subfield>
    <subfield code="a">Laughton, Charles</subfield>
    <subfield code="d">1899-1962</subfield>
    <subfield code="e">act</subfield>
  </datafield>
  <datafield tag="700" ind1=" " ind2=" ">
    <subfield code="9">25318</subfield>
    <subfield code="a">O'Neill, Maire</subfield>
    <subfield code="d">1887-1952   </subfield>
    <subfield code="e">act</subfield>
  </datafield>
  <datafield tag="700" ind1=" " ind2=" ">
    <subfield code="9">25319</subfield>
    <subfield code="a">Lockwood, Margaret </subfield>
    <subfield code="d">1887-1952   </subfield>
    <subfield code="e">act</subfield>
  </datafield>
  <datafield tag="700" ind1=" " ind2=" ">
    <subfield code="9">25320</subfield>
    <subfield code="a">Novello, Ivor</subfield>
    <subfield code="d">1893-1951 </subfield>
    <subfield code="e">act</subfield>
  </datafield>
  <datafield tag="700" ind1=" " ind2=" ">
    <subfield code="9">25011</subfield>
    <subfield code="a">Lorre, Peter</subfield>
    <subfield code="e">act</subfield>
  </datafield>
  <datafield tag="700" ind1=" " ind2=" ">
    <subfield code="9">25321</subfield>
    <subfield code="a">Brisson, Carl</subfield>
    <subfield code="d">1893-1958 </subfield>
    <subfield code="e">act</subfield>
  </datafield>
  <datafield tag="700" ind1=" " ind2=" ">
    <subfield code="9">25322</subfield>
    <subfield code="a">Lion, Leon M.</subfield>
    <subfield code="d">1879-1947   </subfield>
    <subfield code="e">act</subfield>
  </datafield>
  <datafield tag="700" ind1=" " ind2=" ">
    <subfield code="9">25323</subfield>
    <subfield code="a"> Kendall, Henry</subfield>
    <subfield code="d">1897-1962   </subfield>
    <subfield code="e">act</subfield>
  </datafield>
  <datafield tag="700" ind1=" " ind2=" ">
    <subfield code="9">25324</subfield>
    <subfield code="a">Homolka, Oscar</subfield>
    <subfield code="d">1898-1978   </subfield>
    <subfield code="e">act</subfield>
  </datafield>
  <datafield tag="700" ind1=" " ind2=" ">
    <subfield code="9">25325</subfield>
    <subfield code="a">Gielgud, John</subfield>
    <subfield code="d">1904-2000</subfield>
    <subfield code="e">act</subfield>
  </datafield>
  <datafield tag="700" ind1=" " ind2=" ">
    <subfield code="9">25326</subfield>
    <subfield code="a">France, C. V.</subfield>
    <subfield code="d">1868-1949   </subfield>
    <subfield code="e">act</subfield>
    <subfield code="q">Charles V.</subfield>
  </datafield>
  <datafield tag="700" ind1=" " ind2=" ">
    <subfield code="9">25327</subfield>
    <subfield code="a">Donat, Robert</subfield>
    <subfield code="d">1905-1958</subfield>
    <subfield code="e">act</subfield>
    <subfield code="q">Charles V.</subfield>
  </datafield>
  <datafield tag="700" ind1=" " ind2=" ">
    <subfield code="9">25328</subfield>
    <subfield code="a">De Marney, Derrick</subfield>
    <subfield code="d">1906-1978 </subfield>
    <subfield code="e">act</subfield>
    <subfield code="q">Charles V.</subfield>
  </datafield>
  <datafield tag="710" ind1=" " ind2=" ">
    <subfield code="9">25307</subfield>
    <subfield code="a">Mill Creek Entertainment   </subfield>
  </datafield>
  <datafield tag="942" ind1=" " ind2=" ">
    <subfield code="2">ddc</subfield>
    <subfield code="c">DVD</subfield>
  </datafield>
  <datafield tag="999" ind1=" " ind2=" ">
    <subfield code="c">15600</subfield>
    <subfield code="d">15600</subfield>
  </datafield>
  <datafield tag="952" ind1=" " ind2=" ">
    <subfield code="0">0</subfield>
    <subfield code="1">0</subfield>
    <subfield code="2">ddc</subfield>
    <subfield code="4">0</subfield>
    <subfield code="7">0</subfield>
    <subfield code="8">Baccah</subfield>
    <subfield code="a">MAIN</subfield>
    <subfield code="b">MAIN</subfield>
    <subfield code="c">2ND</subfield>
    <subfield code="d">2011-06-15</subfield>
    <subfield code="g">235.00</subfield>
    <subfield code="h">12344</subfield>
    <subfield code="l">2</subfield>
    <subfield code="o">791.4375 HIT</subfield>
    <subfield code="p">000024215</subfield>
    <subfield code="r">2022-08-24 00:00:00</subfield>
    <subfield code="s">2021-03-08</subfield>
    <subfield code="w">2011-06-15</subfield>
    <subfield code="y">CDVDMOV</subfield>
    <subfield code="z">DVD 1</subfield>
  </datafield>
  <datafield tag="952" ind1=" " ind2=" ">
    <subfield code="0">0</subfield>
    <subfield code="1">0</subfield>
    <subfield code="2">ddc</subfield>
    <subfield code="4">0</subfield>
    <subfield code="7">0</subfield>
    <subfield code="8">Baccah</subfield>
    <subfield code="a">MAIN</subfield>
    <subfield code="b">MAIN</subfield>
    <subfield code="c">2ND</subfield>
    <subfield code="d">2011-06-15</subfield>
    <subfield code="g">235.00</subfield>
    <subfield code="h">12344</subfield>
    <subfield code="l">2</subfield>
    <subfield code="m">1</subfield>
    <subfield code="o">791.4375 HIT</subfield>
    <subfield code="p">000024216</subfield>
    <subfield code="r">2021-05-11 00:00:00</subfield>
    <subfield code="s">2021-03-08</subfield>
    <subfield code="w">2011-06-15</subfield>
    <subfield code="y">CDVDMOV</subfield>
    <subfield code="z">DVD 2</subfield>
  </datafield>
  <datafield tag="952" ind1=" " ind2=" ">
    <subfield code="0">0</subfield>
    <subfield code="1">0</subfield>
    <subfield code="2">ddc</subfield>
    <subfield code="3">Lost In Inventory_2018-08-12</subfield>
    <subfield code="4">0</subfield>
    <subfield code="7">0</subfield>
    <subfield code="8">Baccah</subfield>
    <subfield code="a">MAIN</subfield>
    <subfield code="b">MAIN</subfield>
    <subfield code="c">2ND</subfield>
    <subfield code="d">2011-06-15</subfield>
    <subfield code="g">235.00</subfield>
    <subfield code="h">12344</subfield>
    <subfield code="l">2</subfield>
    <subfield code="m">1</subfield>
    <subfield code="o">791.4375 HIT</subfield>
    <subfield code="p">000024214</subfield>
    <subfield code="r">2021-05-11 00:00:00</subfield>
    <subfield code="s">2021-03-08</subfield>
    <subfield code="w">2011-06-15</subfield>
    <subfield code="y">CDVDMOV</subfield>
    <subfield code="z">DVD 3</subfield>
  </datafield>
  <datafield tag="952" ind1=" " ind2=" ">
    <subfield code="0">0</subfield>
    <subfield code="1">0</subfield>
    <subfield code="2">ddc</subfield>
    <subfield code="3">Lost In Inventory_2018-08-12</subfield>
    <subfield code="4">0</subfield>
    <subfield code="7">0</subfield>
    <subfield code="8">Baccah</subfield>
    <subfield code="a">MAIN</subfield>
    <subfield code="b">MAIN</subfield>
    <subfield code="c">2ND</subfield>
    <subfield code="d">2011-06-15</subfield>
    <subfield code="g">235.00</subfield>
    <subfield code="h">12344</subfield>
    <subfield code="l">2</subfield>
    <subfield code="m">1</subfield>
    <subfield code="o">791.4375 HIT</subfield>
    <subfield code="p">000024213</subfield>
    <subfield code="r">2021-05-11 00:00:00</subfield>
    <subfield code="s">2021-03-08</subfield>
    <subfield code="w">2011-06-15</subfield>
    <subfield code="y">CDVDMOV</subfield>
    <subfield code="z">DVD 4</subfield>
  </datafield>
</record>
